000 01370nam a22004097a 4500
003 CHAP
005 20220817044322.0
008 100225s2004 mx a r 00010 spa d
010 _a97611
011 _a98583
020 _a9706288198
035 _a109268
040 _cCHAP
082 1 4 _a304.0972
_bC76
110 1 _aMéxico. Consejo Nacional de Población
_976888
245 1 0 _aInforme de ejecución del programa de acción de la conferencia internacional sobre la población y el desarrollo 1994-2003
_c/por Consejo Nacional de Población
250 _a2 ed.
260 _aMéxico, D.F.:
_bCONAPO,
_c2004
300 _a424 p. :
_bilus.
590 _aBATCH-UPD
_b10
_c20130110
_lUCH01
_h0959
590 _aBATCH-UPD
_b10
_c20130410
_lUCH01
_h0611
590 _aBATCH-UPD
_b10
_c20130914
_lUCH01
_h1056
590 _aCONVERSION
_b10
_c20130109
_lUCH01
_h1354
650 1 4 _aCrecimiento de la población.
_928873
650 1 4 _aDesarrollo social.
650 1 4 _aDesarrollo sustentable.
650 1 4 _aEducación.
_935409
650 1 4 _aEnfoque de género.
_936945
650 1 4 _aMigración interna.
_975603
650 1 4 _aPoblación.
_989360
650 1 4 _aSalud pública.
_9101813
650 1 4 _aTecnología.
_9111937
901 _aBK
911 _aen proceso
942 _cLIBRO
949 _a304.0972 C76
_bBC
_cLIBRO
_d33724002107561
_eLIBRO
_gI.c/e
_h111979
_i109268
_sb
999 _c97611
_d97611